Poslanie a činnosť Slovenskej spoločnosti pre výživu

Vznik, poslanie, ciele a úlohy Slovenskej spoločnosti pre výživu (SISV). Nástroje činnosti SISV. Etapy činnosti SISV.

Salvato in:
Dettagli Bibliografici
Autore principale: Strmiska, František
Natura: Capitolo di libro
Lingua:slovacco
Soggetti:
Tags: Aggiungi Tag
Nessun Tag, puoi essere il primo ad aggiungerne!!

MARC

LEADER 00000naa a2200000 4500
001 r038433
005 20230602073136.1
041 0 |a slo 
044 |a SK 
245 1 0 |a Poslanie a činnosť Slovenskej spoločnosti pre výživu  |c František Strmiska 
520 |a Vznik, poslanie, ciele a úlohy Slovenskej spoločnosti pre výživu (SISV). Nástroje činnosti SISV. Etapy činnosti SISV. 
610 2 0 |a výživa 
610 2 0 |a zdravie 
610 2 0 |a spoločnosti 
610 2 0 |a Slovenská spoločnosť pre výživu 
100 1 |a Strmiska, František